Κατάλογος Βιβλιοθηκών Mediterranean College

Ο Απόδημος Ελληνισμός στις Χώρες της Αφρίκης (Record no. 2381)

MARC details
000 -LEADER
fixed length control field 01305cam a22001934a 4500
005 - ΗΜΕΡΟΜΗΝΙΑ ΚΑΙ ΩΡΑ ΤΕΛΕΥΤΑΙΑΣ ΕΝΗΜΕΡΩΣΗΣ
Πεδίο ελέγχου 20250605164039.0
008 - FIXED-LENGTH DATA ELEMENTS--GENERAL INFORMATION
Πεδίο ελέγχου σταθερού μήκους 250528s ||||||||||||||||||||||||d
035 ## - SYSTEM CONTROL NUMBER
System control number 16937
040 ## - ΠΗΓΗ ΚΑΤΑΛΟΓΟΓΡΑΦΗΣΗΣ
Φορέας πρωτότυπης καταλογογράφησης MC Athens Campus Library
Γλώσσα καταλογογράφησης Ελληνικά, Μοντέρνα (1453-)
Modifying agency MC Athens Campus Library
Κανόνες περιγραφικής καταλογογράφησης AACR2
245 1# - ΤΙΤΛΟΣ ΚΑΙ ΔΗΛΩΣΗ ΥΠΕΥΘΥΝΟΤΗΤΑΣ
Τίτλος Ο Απόδημος Ελληνισμός στις Χώρες της Αφρίκης
260 ## - PUBLICATION, DISTRIBUTION, ETC.
Name of publisher, distributor, etc. Υπουργείο Εξωτερικών,
Date of publication, distribution, etc. 1998
300 ## - PHYSICAL DESCRIPTION
Extent 352
505 0# - FORMATTED CONTENTS NOTE
Formatted contents note Εισαγωγή: Ο Ελληνισμός και το Περιβάλλον του στις Χώρες της Αφρικής, Αίγυπτος, Αιθιοπία, Λιβύη, Σουδάν, Ζαίρ, Ζιμπάμπουε, Νοτιαφρικάνικη Ένωση, Συνοπτική Απεικόνιση των Υπολοίπων Χωρών της Υποσαχαρικής Αφρικής.
520 ## - SUMMARY, ETC.
Summary, etc. Εισαγωγή: Ο Ελληνισμός και το Περιβάλλον του στις Χώρες της Αφρικής, Αίγυπτος, Αιθιοπία, Λιβύη, Σουδάν, Ζαίρ, Ζιμπάμπουε, Νοτιαφρικάνικη Ένωση, Συνοπτική Απεικόνιση των Υπολοίπων Χωρών της Υποσαχαρικής Αφρικής.
700 1# - ΠΡΟΣΘΕΤΗ ΑΝΑΓΡΑΦΗ--ΦΥΣΙΚΟ ΠΡΟΣΩΠΟ
Personal name Καζάκος Πάνος
9 (RLIN) 2990
942 ## - ADDED ENTRY ELEMENTS (KOHA)
Koha item type Books
Holdings
Τύπος τεκμηρίου Βιβλιοθήκη Τρέχουσα τοποθεσία Barcode Αριθμός εισαγωγής Ημερομηνία απόκτησης Ταξιθετικό σύμβολο Αριθμός αντιτύπου Κατάσταση απόσυρσης Κατάσταση χαμένου Κατάσταση κατεστραμμένου Μη δανεισμός Σύνολο δανεισμών Ημερομηνία τελευταίας εμφάνισης Η τιμή ισχύει από
Books MC Athens Campus Library MC Athens Campus Library 9780000023803 5601 05/06/2025 909.0489 KAZ 1           05/06/2025 05/06/2025

MC Athens Campus Library
Πατησίων 94 & Κοδριγκτώνος 13, 104 34
Πελλήνης 8 & Πατησίων 107, 112 51
Τ: +30 210 8899600

MC Thessaloniki Campus Library
Ίωνος Δραγούμη 21, 54625 | Ίωνος Δραγούμη 15, 54625
Τ: +30 2310 287779 – Τ: +30 2314 440300